দেশ-বন্দনা / (Record no. 71278)
[ view plain ]
| 000 -LEADER | |
|---|---|
| fixed length control field | 00923nam a2200217 a 4500 |
| 001 - CONTROL NUMBER | |
| control field | 71278 |
| 003 - CONTROL NUMBER IDENTIFIER | |
| rucl marc code | BD-RjUL |
| 005 - DATE AND TIME OF LATEST TRANSACTION | |
| control field | 20211209082109.0 |
| 008 - FIXED-LENGTH DATA ELEMENTS--GENERAL INFORMATION | |
| fixed length control field | 170430s1972 ii ||||| |||| 00| 0 ben d |
| 035 ## - SYSTEM CONTROL NUMBER | |
| System control number | (BD-RjUL)71493 |
| 040 ## - CATALOGING SOURCE | |
| Original cataloging agency | BD-RjUL |
| Language of cataloging | ben |
| Transcribing agency | BD-RjUL |
| 041 ## - LANGUAGE CODE | |
| Language code of text/sound track or separate title | ben |
| 082 ## - DEWEY DECIMAL CLASSIFICATION NUMBER | |
| Edition number | 23 |
| Classification number | 784.095414 |
| Author mark and year | DED 1972 |
| 110 ## - MAIN ENTRY--CORPORATE NAME | |
| Corporate name or jurisdiction name as entry element | দেশাত্নবোধক সঙ্গীত-স্বরলিপি |
| 9 (RLIN) | 213525 |
| 245 00 - TITLE STATEMENT | |
| Title | দেশ-বন্দনা / |
| Statement of responsibility, etc. | দেশাত্নবোধক সঙ্গীত-স্বরলিপি ; সম্পদনা মনোরঞ্জন সেন |
| 300 ## - PHYSICAL DESCRIPTION | |
| Pagination | ৯৬ পৃ. ; |
| Size | ২৫ সেমি. |
| 650 ## - SUBJECT ADDED ENTRY--TOPICAL TERM | |
| Topical term or geographic name as entry element | Songs, Bengali |
| Geographic subdivision | India |
| General subdivision | History and criticism. |
| 9 (RLIN) | 213515 |
| Topical term or geographic name as entry element | গান, বাংলা |
| Geographic subdivision | ভারত |
| General subdivision | ইতিহাস এবং সমালোচনা |
| 9 (RLIN) | 213526 |
| 700 ## - ADDED ENTRY--PERSONAL NAME | |
| Personal name | সেন, মনোরঞ্জন |
| 942 ## - ADDED ENTRY ELEMENTS (KOHA) | |
| Source of classification or shelving scheme | Dewey Decimal Classification |
| Koha item type | Books |
| Lost status | Source of classification or shelving scheme | Damaged status | Not for loan | Collection code | Permanent Location | Current Location | Shelving location | Date acquired | Source of acquisition | Cost, normal purchase price | Total Checkouts | Full call number | Date last seen | Copy number | Koha item type |
|---|---|---|---|---|---|---|---|---|---|---|---|---|---|---|---|
| Dewey Decimal Classification | Not For Loan | Non-fiction | Central Library, University of Rajshahi | Central Library, University of Rajshahi | Reading Room | 30/01/1974 | Ahsan-Ullah Lib. | 7.70 | B 784.095414 DED 1972 | 30/04/2017 | C-1 | Books |